000 00334nam a2200133Ia 4500
008 240624s9999 xx 000 0 und d
041 _aeng
082 _a658.3 KRO
100 _aKROTH MICHAEL
245 _aMANAGER AS MOTIVATOR
260 _c2005
_aNew Delhi
_bMacmillan India
300 _axiv, : 242 : p. : cm. ; 24
365 _cRS
_b20
999 _c9511
_d9511